[Event "Crewe Open"]
[Site "Crewe"]
[Date "2025.06.28"]
[Round "2.26"]
[White "Van Kemenade, Rudy"]
[Black "Pyda, Arjun"]
[Result "1-0"]
[WhiteElo "1926"]
[BlackElo "1810"]
[PlyCount "79"]
[EventDate "2025.06.27"]
[EventType "swiss"]
[EventRounds "5"]
[EventCountry "ENG"]
[SourceTitle "BritBase"]
[Source "John Saunders"]
[SourceDate "2025.07.10"]
[SourceVersion "1"]
[SourceVersionDate "2025.07.10"]
[SourceQuality "1"]

1. e4 c5 2. Nf3 d6 3. Bb5+ Bd7 4. Bxd7+ Qxd7 5. O-O Nf6 6. Qe2 Nc6 7. c3 g6 8. d4 cxd4 9. cxd4 Bg7 10. Nc3 O-O 11. d5 Ne5 12. Nxe5 dxe5 13. a4 Ne8 14. Be3 Nd6 15. a5 f5 16. f3 f4 17. Bc5 g5 18. Bxd6 exd6 19. Qb5 Qe7 20. Qb4 h5 21. Nb5 Rf6 22. Rfc1 g4 23. Nc7 Rd8 24. Ne6 Rd7 25. Rc8+ Kh7 26. Qe1 gxf3 27. gxf3 Rg6+ 28. Kh1 Qf6 29. Qf2 Rf7 30. Rcc1 Bh6 31. Rg1 Bg5 32. Qxa7 Bh4 33. Rxg6 Qxg6 34. Rg1 Bg3 35. Qb8 Qf6 36. hxg3 fxg3 37. Rxg3 Qh4+ 38. Kg2 Rxf3 39. Qg8+ Kh6 40. Qg7# 1-0

[Event "Crewe Open"]
[Site "Crewe"]
[Date "2025.06.28"]
[Round "2.28"]
[White "Richmond, Frank"]
[Black "Wareing, John P"]
[Result "0-1"]
[WhiteElo "1811"]
[BlackElo "1914"]
[PlyCount "108"]
[EventDate "2025.06.27"]
[EventType "swiss"]
[EventRounds "5"]
[EventCountry "ENG"]
[SourceTitle "BritBase"]
[Source "John Saunders"]
[SourceDate "2025.07.10"]
[SourceVersion "1"]
[SourceVersionDate "2025.07.10"]
[SourceQuality "1"]

1. e4 c5 2. Nf3 e6 3. b3 Qc7 4. Bb2 b6 5. c4 Bb7 6. Nc3 a6 7. d4 cxd4 8. Nxd4 Nf6 9. Bd3 Nc6 10. Nxc6 Bxc6 11. Qe2 Bd6 12. g3 h5 13. O-O-O b5 14. Kb1 bxc4 15. Bxc4 Be5 16. Nd5 Bxd5 17. exd5 Bxb2 18. Kxb2 O-O 19. dxe6 dxe6 20. Rc1 Qb6 21. Rhd1 a5 22. h3 a4 23. g4 axb3 24. axb3 Ra5 25. Ra1 Rfa8 26. Rxa5 Qxa5 27. f3 Nd5 28. Qe5 Qa3+ 29. Kb1 Ne3 30. Rd2 Nxc4 31. bxc4 Qb3+ 32. Qb2 Qxc4 33. Rc2 Qf1+ 34. Qc1 Qxf3 35. Rc8+ Rxc8 36. Qxc8+ Kh7 37. Qc2+ g6 38. Qh2 hxg4 39. hxg4+ Kg7 40. Qe5+ Qf6 41. Qg3 e5 42. Kc2 Qf4 43. Qc3 g5 44. Kb1 Qd4 45. Qf3 e4 46. Qf5 Qd1+ 47. Ka2 Qd2+ 48. Kb1 Qf4 49. Qd7 e3 50. Qd3 Qe5 51. Qe2 Qd4 52. Qf3 Qb4+ 53. Ka1 Qe1+ 54. Ka2 Qf2+ 0-1

[Event "Crewe Open"]
[Site "Crewe"]
[Date "2025.06.28"]
[Round "2.29"]
[White "Cook, Michael Anthony"]
[Black "James, Lucas"]
[Result "1-0"]
[WhiteElo "1911"]
[BlackElo "1695"]
[PlyCount "73"]
[EventDate "2025.06.27"]
[EventType "swiss"]
[EventRounds "5"]
[EventCountry "ENG"]
[SourceTitle "BritBase"]
[Source "John Saunders"]
[SourceDate "2025.07.10"]
[SourceVersion "1"]
[SourceVersionDate "2025.07.10"]
[SourceQuality "1"]

1. e4 c5 2. Nf3 d6 3. d4 cxd4 4. Nxd4 Nf6 5. Nc3 a6 6. f3 e6 7. Be3 Be7 8. Qd2 O-O 9. O-O-O b5 10. g4 b4 11. Nb1 Nfd7 12. h4 Ne5 13. g5 Bb7 14. Qxb4 Qc7 15. Qc3 Nbc6 16. f4 Nd7 17. f5 exf5 18. Nxf5 Nde5 19. Bf4 Rfe8 20. Bc4 Bf8 21. Bb3 Rac8 22. h5 Qd7 23. g6 Na7 24. Qe3 Nb5 25. Bxe5 Rxe5 26. gxf7+ Kh8 27. Nh4 Rxh5 28. Nf5 Rxf5 29. exf5 Bxh1 30. Rxh1 Qxf5 31. a4 Nc7 32. Nc3 Rd8 33. Qb6 Qf4+ 34. Kb1 d5 35. Qg6 h6 36. Ne2 Qf3 37. Rxh6+ 1-0

[Event "Crewe Open"]
[Site "Crewe"]
[Date "2025.06.27"]
[Round "3.1"]
[White "Boswell, Jacob Connor"]
[Black "Chan, Sheng Liang Bernard"]
[Result "1-0"]
[WhiteElo "2252"]
[BlackElo "2099"]
[PlyCount "105"]
[EventDate "2025.06.27"]
[EventType "swiss"]
[EventRounds "5"]
[EventCountry "ENG"]
[SourceTitle "BritBase"]
[Source "John Saunders"]
[SourceDate "2025.07.10"]
[SourceVersion "1"]
[SourceVersionDate "2025.07.10"]
[SourceQuality "1"]

1. c4 c6 2. d4 d5 3. Nc3 Nf6 4. e3 e6 5. Nf3 Nbd7 6. Be2 Bd6 7. O-O O-O 8. b3 b6 9. Bb2 Bb7 10. Bd3 c5 11. cxd5 exd5 12. Rc1 Rc8 13. dxc5 bxc5 14. Bf5 a6 15. Na4 Rc7 16. Re1 Qe7 17. Rc2 Rd8 18. Qa1 Re8 19. Bd3 Ng4 20. h3 Nge5 21. Nxe5 Nxe5 22. Bf1 d4 23. e4 Qg5 24. Qd1 f5 25. Bc1 f4 26. Nb2 Qg6 27. f3 Bc8 28. Kh1 Kh8 29. Bxf4 Rf8 30. Bh2 Rcf7 31. Nc4 Nxf3 32. gxf3 Bxh2 33. Rxh2 Rxf3 34. Ne5 Rxf1+ 35. Rxf1 Qxe4+ 36. Kg1 Qe3+ 37. Rff2 Bb7 38. Ng4 Qg3+ 39. Rhg2 Qb8 40. Rxf8+ Qxf8 41. Rf2 Qd6 42. Qd3 h5 43. Ne5 Kg8 44. Qf5 Bd5 45. Qc8+ Kh7 46. Qf5+ Kg8 47. Qxh5 d3 48. Qe8+ Kh7 49. Qh5+ Kg8 50. Qe8+ Kh7 51. Rf8 Kh6 52. Rh8+ Kg5 53. Qd8+ 1-0

[Event "Crewe Open"]
[Site "Crewe"]
[Date "2025.06.28"]
[Round "3.2"]
[White "Vaidyanathan, Adithya"]
[Black "White, Stuart A"]
[Result "1/2-1/2"]
[WhiteElo "2111"]
[BlackElo "2084"]
[PlyCount "93"]
[EventDate "2025.06.27"]
[EventType "swiss"]
[EventRounds "5"]
[EventCountry "ENG"]
[SourceTitle "BritBase"]
[Source "John Saunders"]
[SourceDate "2025.07.10"]
[SourceVersion "1"]
[SourceVersionDate "2025.07.10"]
[SourceQuality "1"]

1. d4 d5 2. c4 c6 3. Nc3 Nf6 4. Nf3 dxc4 5. a4 Bf5 6. e3 e6 7. Bxc4 Bb4 8. O-O O-O 9. Qe2 Bg6 10. Rd1 Nbd7 11. Ne5 Nxe5 12. dxe5 Nd7 13. f4 Qc7 14. Na2 Be7 15. b3 Nb6 16. Bd3 Bxd3 17. Rxd3 Rfd8 18. Bb2 Rxd3 19. Qxd3 Rd8 20. Qe2 Nd5 21. Nc3 Qb6 22. Nxd5 Rxd5 23. Ba3 Bxa3 24. Rxa3 Qb4 25. Ra2 Qxb3 26. Rb2 Qd1+ 27. Kf2 Qxe2+ 28. Kxe2 Rd7 29. e4 Kf8 30. Ke3 Ke7 31. f5 b6 32. g4 f6 33. Kf4 Rd4 34. a5 b5 35. Rc2 Rc4 36. exf6+ gxf6 37. Rxc4 bxc4 38. Ke3 c5 39. Kd2 exf5 40. exf5 Kd6 41. Kc3 Kd5 42. a6 h6 43. h4 Ke5 44. Kxc4 Kd6 45. Kd3 Kd5 46. Kc3 Ke5 47. Kc4 1/2-1/2

[Event "Crewe Open"]
[Site "Crewe"]
[Date "2025.06.28"]
[Round "3.3"]
[White "Arnott, Jonathan W"]
[Black "Surtees, Michael J"]
[Result "1/2-1/2"]
[WhiteElo "2059"]
[BlackElo "2100"]
[PlyCount "43"]
[EventDate "2025.06.27"]
[EventType "swiss"]
[EventRounds "5"]
[EventCountry "ENG"]
[SourceTitle "BritBase"]
[Source "John Saunders"]
[SourceDate "2025.07.10"]
[SourceVersion "1"]
[SourceVersionDate "2025.07.10"]
[SourceQuality "1"]

1. e4 d6 2. d4 Nf6 3. Nc3 a6 4. Be2 b5 5. Bf3 e5 6. dxe5 dxe5 7. Qxd8+ Kxd8 8. Bg5 c6 9. a4 b4 10. Nd1 Be6 11. Ne3 Nbd7 12. Bg4 Bxg4 13. Nxg4 Be7 14. Bxf6 Bxf6 15. Nf3 Re8 16. Ke2 a5 17. Rhd1 Kc7 18. Nxf6 Nxf6 19. Nd2 Nd7 20. Nc4 Nc5 21. f3 f6 22. Rd2 1/2-1/2

[Event "Crewe Open"]
[Site "Crewe"]
[Date "2025.06.28"]
[Round "3.4"]
[White "De Coverly, Roger D"]
[Black "Ashton, Adam G"]
[Result "0-1"]
[WhiteElo "1937"]
[BlackElo "2276"]
[PlyCount "88"]
[EventDate "2025.06.27"]
[EventType "swiss"]
[EventRounds "5"]
[EventCountry "ENG"]
[SourceTitle "BritBase"]
[Source "John Saunders"]
[SourceDate "2025.07.10"]
[SourceVersion "1"]
[SourceVersionDate "2025.07.10"]
[SourceQuality "1"]

1. e4 e5 2. Nf3 Nc6 3. Bb5 a6 4. Ba4 Nf6 5. O-O Nxe4 6. d4 b5 7. Bb3 d5 8. dxe5 Be6 9. Nbd2 Be7 10. c3 O-O 11. Bc2 f5 12. Nb3 Qd7 13. Nbd4 Nxd4 14. cxd4 Rac8 15. Ne1 c5 16. f3 cxd4 17. fxe4 dxe4 18. Bb3 Bc4 19. Kh1 Kh8 20. Bxc4 bxc4 21. g3 Qd5 22. Ng2 Qxe5 23. Bf4 Qc5 24. h4 Bf6 25. Rb1 Rfe8 26. Re1 Rcd8 27. Qc1 Qd5 28. Kh2 Rc8 29. Bg5 Be5 30. Nf4 Bxf4 31. Bxf4 c3 32. bxc3 Qxa2+ 33. Rb2 Qd5 34. Rd2 d3 35. Be3 Re7 36. Qa3 Re6 37. Bd4 f4 38. gxf4 Qh5 39. Bf2 Qf3 40. Bg3 Rg6 41. Rg1 e3 42. Rxd3 Qe2+ 43. Rg2 Qxd3 44. h5 Rh6 0-1

[Event "Crewe Open"]
[Site "Crewe"]
[Date "2025.06.28"]
[Round "3.5"]
[White "Ackley, Peter JE"]
[Black "Blackburn, Jonathan LB"]
[Result "0-1"]
[WhiteElo "1976"]
[BlackElo "2207"]
[PlyCount "58"]
[EventDate "2025.06.27"]
[EventType "swiss"]
[EventRounds "5"]
[EventCountry "ENG"]
[SourceTitle "BritBase"]
[Source "John Saunders"]
[SourceDate "2025.07.10"]
[SourceVersion "1"]
[SourceVersionDate "2025.07.10"]
[SourceQuality "1"]

1. g3 d5 2. Bg2 g6 3. f4 Bg7 4. Nf3 Nh6 5. d3 d4 6. c3 c5 7. O-O Nc6 8. e4 dxe3 9. Bxe3 Qa5 10. Na3 Ng4 11. Qe2 Nxe3 12. Qxe3 O-O 13. Nc4 Qa6 14. Qxc5 Bf5 15. Nfe5 Nxe5 16. Nxe5 Bxe5 17. Qxe5 Bxd3 18. Rf2 e6 19. h4 h5 20. Rd2 Rac8 21. Rad1 Bb5 22. Rd6 Bc6 23. Bxc6 Rxc6 24. Rxc6 bxc6 25. b4 Qxa2 26. Rd6 Qc2 27. Qc5 a5 28. Qxa5 Qxc3 29. Qc5 Qxg3+ 0-1

[Event "Crewe Open"]
[Site "Crewe"]
[Date "2025.06.28"]
[Round "3.7"]
[White "Doran, Chris"]
[Black "Carroll, Thomas"]
[Result "0-1"]
[WhiteElo "1975"]
[BlackElo "2131"]
[PlyCount "72"]
[EventDate "2025.06.27"]
[EventType "swiss"]
[EventRounds "5"]
[EventCountry "ENG"]
[SourceTitle "BritBase"]
[Source "John Saunders"]
[SourceDate "2025.07.10"]
[SourceVersion "1"]
[SourceVersionDate "2025.07.10"]
[SourceQuality "1"]

1. e4 c6 2. d4 d5 3. e5 c5 4. dxc5 e6 5. Bd3 Nd7 6. Nf3 Nxc5 7. O-O Ne7 8. Nc3 Nxd3 9. Qxd3 Nc6 10. Bg5 Be7 11. Bxe7 Qxe7 12. Rfe1 O-O 13. Rad1 Bd7 14. Nd4 Rfc8 15. f4 Nxd4 16. Qxd4 Rc4 17. Qd2 Rac8 18. f5 exf5 19. Qxd5 Be6 20. Qd6 Kf8 21. Rd4 Qxd6 22. Rxd6 Rb4 23. Nd5 Rxb2 24. c4 Rxa2 25. Rb1 b6 26. c5 Bxd5 27. Rxd5 Rxc5 28. Rd8+ Ke7 29. Rbd1 Rxe5 30. h4 h5 31. R1d6 g6 32. R8d7+ Kf8 33. Rb7 f4 34. Rd8+ Kg7 35. Rbb8 Re1+ 36. Kh2 f3 0-1

[Event "Crewe Open"]
[Site "Crewe"]
[Date "2025.06.28"]
[Round "3.8"]
[White "Hariharan, Shambavi"]
[Black "Pilley, Jack"]
[Result "1/2-1/2"]
[WhiteElo "1936"]
[BlackElo "2016"]
[PlyCount "55"]
[EventDate "2025.06.27"]
[EventType "swiss"]
[EventRounds "5"]
[EventCountry "ENG"]
[SourceTitle "BritBase"]
[Source "John Saunders"]
[SourceDate "2025.07.10"]
[SourceVersion "1"]
[SourceVersionDate "2025.07.10"]
[SourceQuality "1"]

1. d4 Nf6 2. c4 e6 3. Nc3 Bb4 4. Qc2 O-O 5. Bg5 d5 6. cxd5 exd5 7. e3 c6 8. Bd3 h6 9. Bh4 Nbd7 10. Nge2 Re8 11. O-O Bd6 12. Bg3 Bxg3 13. Nxg3 c5 14. dxc5 Nxc5 15. Nb5 b6 16. Nd4 Bb7 17. Rac1 a5 18. Bb5 Re7 19. Ngf5 Rc7 20. Qe2 Kh7 21. Ng3 g6 22. Rc2 Qe7 23. Rfc1 Rac8 24. h3 Qe5 25. Nf3 Qe7 26. Nd4 Qe5 27. Nf3 Qe7 28. Nd4 1/2-1/2

[Event "Crewe Open"]
[Site "Crewe"]
[Date "2025.06.28"]
[Round "3.10"]
[White "Vaddhireddy, Sai"]
[Black "Crawford, Owen"]
[Result "0-1"]
[WhiteElo "1946"]
[BlackElo "2124"]
[PlyCount "70"]
[EventDate "2025.06.27"]
[EventType "swiss"]
[EventRounds "5"]
[EventCountry "ENG"]
[SourceTitle "BritBase"]
[Source "John Saunders"]
[SourceDate "2025.07.10"]
[SourceVersion "1"]
[SourceVersionDate "2025.07.10"]
[SourceQuality "1"]

1. d4 Nf6 2. c4 e6 3. g3 d5 4. Bg2 Bb4+ 5. Nd2 O-O 6. Ngf3 dxc4 7. Qc2 Nc6 8. Qxc4 Qd5 9. O-O Rd8 10. e3 Qxc4 11. Nxc4 Bd7 12. Bd2 Bf8 13. Rac1 Rac8 14. a3 Be8 15. Rc2 Nd5 16. Rd1 Nb8 17. Be1 Ba4 18. Rdc1 Bxc2 19. Rxc2 c5 20. Na5 cxd4 21. Rxc8 Rxc8 22. Nxd4 b6 23. Nab3 Nd7 24. Kf1 Nc5 25. Nxc5 bxc5 26. Nb5 Rb8 27. Nc3 Rxb2 28. Nxd5 exd5 29. Bxd5 Rc2 30. Bb3 Rc1 31. Ke2 Ra1 32. a4 Ra3 33. Bc2 c4 34. Bd2 c3 35. Be1 Bb4 0-1

[Event "Crewe Open"]
[Site "Crewe"]
[Date "2025.06.28"]
[Round "3.11"]
[White "Wareing, John P"]
[Black "Burnett, James"]
[Result "1-0"]
[WhiteElo "1914"]
[BlackElo "2080"]
[PlyCount "65"]
[EventDate "2025.06.27"]
[EventType "swiss"]
[EventRounds "5"]
[EventCountry "ENG"]
[SourceTitle "BritBase"]
[Source "John Saunders"]
[SourceDate "2025.07.10"]
[SourceVersion "1"]
[SourceVersionDate "2025.07.10"]
[SourceQuality "1"]

1. e4 e6 2. d4 d5 3. Nc3 Bb4 4. exd5 exd5 5. Nf3 Bf5 6. Bd3 Bxd3 7. Qxd3 c6 8. O-O Ne7 9. a3 Bd6 10. Bg5 f6 11. Bd2 O-O 12. Rae1 Na6 13. Nh4 Qd7 14. f4 Qg4 15. g3 Rae8 16. Nd1 Qd7 17. f5 Nc8 18. Ne3 Nc7 19. Qe2 Qf7 20. Qg4 Re4 21. Qh3 Rxd4 22. Re2 Re4 23. c3 Rfe8 24. Kh1 Bc5 25. g4 Nd6 26. Rf3 d4 27. cxd4 Bxd4 28. Rg2 Nd5 29. Nf1 Re2 30. g5 fxg5 31. Bxg5 Bf6 32. Ng6 Rxg2 33. Qxh7+ 1-0

[Event "Crewe Open"]
[Site "Crewe"]
[Date "2025.06.28"]
[Round "3.12"]
[White "Cook, Michael Anthony"]
[Black "Jackson, Oliver A"]
[Result "1-0"]
[WhiteElo "1911"]
[BlackElo "2054"]
[PlyCount "60"]
[EventDate "2025.06.27"]
[EventType "swiss"]
[EventRounds "5"]
[EventCountry "ENG"]
[SourceTitle "BritBase"]
[Source "John Saunders"]
[SourceDate "2025.07.10"]
[SourceVersion "1"]
[SourceVersionDate "2025.07.10"]
[SourceQuality "1"]

1. e4 c5 2. Nf3 e6 3. c3 Nf6 4. e5 Nd5 5. d4 cxd4 6. cxd4 Bb4+ 7. Nbd2 O-O 8. a3 Bxd2+ 9. Bxd2 b6 10. Bd3 f6 11. O-O Ba6 12. Bxa6 Nxa6 13. Qe2 Nac7 14. Rfc1 a5 15. b4 axb4 16. Bxb4 Nxb4 17. axb4 Nd5 18. b5 Qe7 19. exf6 gxf6 20. g3 Ra3 21. Nh4 Rfa8 22. Rxa3 Qxa3 23. Qg4+ Kh8 24. Re1 Qb4 25. Qe2 Qxd4 26. Qf3 Qb4 27. Rd1 Qxb5 28. Nf5 Qa4 29. Rd4 Qc6 30. h4 Ne7 1-0

[Event "Crewe Open"]
[Site "Crewe"]
[Date "2025.06.28"]
[Round "3.13"]
[White "Vassiliou, Chris"]
[Black "Varley, Joe"]
[Result "1/2-1/2"]
[WhiteElo "1909"]
[BlackElo "2018"]
[PlyCount "95"]
[EventDate "2025.06.27"]
[EventType "swiss"]
[EventRounds "5"]
[EventCountry "ENG"]
[SourceTitle "BritBase"]
[Source "John Saunders"]
[SourceDate "2025.07.10"]
[SourceVersion "1"]
[SourceVersionDate "2025.07.10"]
[SourceQuality "1"]

1. d4 Nf6 2. c4 a6 3. Nc3 c5 4. d5 b5 5. cxb5 axb5 6. Nxb5 Qa5+ 7. Nc3 Bb7 8. Bd2 Qb6 9. e4 e6 10. dxe6 Qxe6 11. Nf3 Nxe4 12. Nxe4 Qxe4+ 13. Be2 Ba6 14. O-O Bxe2 15. Re1 Bxd1 16. Rxe4+ Be7 17. Rxd1 Rxa2 18. Rde1 Nc6 19. Ne5 d5 20. R4e3 d4 21. R3e2 Nxe5 22. Rxe5 Ra7 23. Rxc5 O-O 24. Rd5 Bf6 25. Bb4 Rc8 26. Bc5 Ra4 27. b4 Ra2 28. Bxd4 Rd2 29. Rc5 Rb8 30. Bxf6 gxf6 31. b5 Rb2 32. g3 Rd8 33. Re4 Rb8 34. Rf4 R2xb5 35. Rxb5 Rxb5 36. Rxf6 Kg7 37. Rf4 f5 38. Kg2 Kg6 39. h4 Rb1 40. Kf3 Re1 41. Ra4 Re6 42. Kf4 Kf6 43. f3 Rb6 44. Rc4 Ra6 45. h5 Rb6 46. Ra4 Rc6 47. Rd4 Ra6 48. Rb4 1/2-1/2

[Event "Crewe Open"]
[Site "Crewe"]
[Date "2025.06.28"]
[Round "3.14"]
[White "Ashton, Alannah"]
[Black "Gomez, Daniel"]
[Result "0-1"]
[WhiteElo "1846"]
[BlackElo "2009"]
[PlyCount "126"]
[EventDate "2025.06.27"]
[EventType "swiss"]
[EventRounds "5"]
[EventCountry "ENG"]
[SourceTitle "BritBase"]
[Source "John Saunders"]
[SourceDate "2025.07.10"]
[SourceVersion "1"]
[SourceVersionDate "2025.07.10"]
[SourceQuality "1"]

1. e4 e6 2. d4 d5 3. e5 c5 4. c3 Nc6 5. Nf3 Qb6 6. Bd3 cxd4 7. O-O Bd7 8. Re1 Nge7 9. h4 a6 10. h5 g6 11. Nbd2 gxh5 12. Ng5 Ng6 13. Bxg6 hxg6 14. Qf3 Nd8 15. c4 Be7 16. Qf4 O-O 17. cxd5 exd5 18. Ndf3 f6 19. exf6 Qxf6 20. Qc7 Qd6 21. Qc2 Bf5 22. Qb3 Qc5 23. Re5 Bc2 24. Qxd5+ Qxd5 25. Rxd5 d3 26. Ne5 Re8 27. Nxd3 Nc6 28. Be3 Rad8 29. Nf4 Bf6 30. Rxd8 Nxd8 31. Rc1 Bf5 32. Nd5 Bxb2 33. Rc7 Be5 34. Rh7 Bg7 35. Bc5 Nc6 36. Ba3 b5 37. Rxg7+ Kxg7 38. Bb2+ Kf8 39. Nh7+ Kf7 40. Ng5+ Kg8 41. Nf6+ Kf8 42. Ngh7+ Ke7 43. Nxe8 Kxe8 44. Nf6+ Ke7 45. Nd5+ Kd6 46. Ne3 Bd3 47. a3 a5 48. f3 Kc5 49. g4 hxg4 50. fxg4 b4 51. axb4+ Kxb4 52. g5 Kb3 53. Ba1 a4 54. Nd5 a3 55. Nf4 Bf5 56. Kf2 Kc2 57. Ke2 a2 58. Ke3 Kb1 59. Bc3 Na5 60. Nd5 Nc4+ 61. Ke2 Nb2 62. Bd4 a1=Q 63. Nc3+ Kc2 0-1

[Event "Crewe Open"]
[Site "Crewe"]
[Date "2025.06.28"]
[Round "3.15"]
[White "Hilditch-Love, Daniel"]
[Black "Turner, Lewis A"]
[Result "1-0"]
[WhiteElo "1832"]
[BlackElo "1996"]
[PlyCount "43"]
[EventDate "2025.06.27"]
[EventType "swiss"]
[EventRounds "5"]
[EventCountry "ENG"]
[SourceTitle "BritBase"]
[Source "John Saunders"]
[SourceDate "2025.07.10"]
[SourceVersion "1"]
[SourceVersionDate "2025.07.10"]
[SourceQuality "1"]

1. e4 c5 2. Nc3 g6 3. Nge2 Bg7 4. d3 Nc6 5. g3 d6 6. Bg2 e6 7. h4 Nf6 8. O-O O-O 9. Nf4 Rb8 10. h5 e5 11. h6 Bxh6 12. Ne6 Bxe6 13. Bxh6 Re8 14. Bg5 Nd4 15. f4 h6 16. fxe5 hxg5 17. exf6 Qd7 18. Qd2 Bg4 19. Qxg5 Re5 20. Qh6 Ne6 21. Nd5 Re8 22. Nf4 1-0

[Event "Crewe Open"]
[Site "Crewe"]
[Date "2025.06.28"]
[Round "3.16"]
[White "Anjulan, Ashwin"]
[Black "Bennett, Patrick"]
[Result "1-0"]
[WhiteElo "1826"]
[BlackElo "1970"]
[PlyCount "79"]
[EventDate "2025.06.27"]
[EventType "swiss"]
[EventRounds "5"]
[EventCountry "ENG"]
[SourceTitle "BritBase"]
[Source "John Saunders"]
[SourceDate "2025.07.10"]
[SourceVersion "1"]
[SourceVersionDate "2025.07.10"]
[SourceQuality "1"]

1. e4 d6 2. c4 Nf6 3. Nc3 c5 4. g3 Nc6 5. Bg2 g6 6. Nge2 Bg7 7. d3 a6 8. O-O O-O 9. h3 Rb8 10. Rb1 b5 11. b3 Bd7 12. Be3 Ne8 13. Qd2 Nc7 14. Bh6 Ne6 15. Bxg7 Kxg7 16. f4 Ned4 17. Nxd4 Nxd4 18. Ne2 e5 19. Nxd4 cxd4 20. f5 f6 21. g4 g5 22. Rfc1 Qb6 23. b4 Rfc8 24. Bf3 bxc4 25. dxc4 Rc7 26. Kg2 Qb7 27. h4 h6 28. hxg5 fxg5 29. Rh1 Rg8 30. Qe2 Rgc8 31. Kg3 Rxc4 32. Rxh6 Kxh6 33. Qh2+ Kg7 34. Rh1 Rg8 35. Qh7+ Kf8 36. Rh6 Rg7 37. Rf6+ Ke7 38. Qxg7+ Kd8 39. Qg8+ Kc7 40. Qxc4+ 1-0

[Event "Crewe Open"]
[Site "Crewe"]
[Date "2025.06.28"]
[Round "3.17"]
[White "Om Reddy Jayar"]
[Black "Zachariassen, Bjarne"]
[Result "1-0"]
[WhiteElo "1614"]
[BlackElo "1945"]
[PlyCount "122"]
[EventDate "2025.06.27"]
[EventType "swiss"]
[EventRounds "5"]
[EventCountry "ENG"]
[SourceTitle "BritBase"]
[Source "John Saunders"]
[SourceDate "2025.07.10"]
[SourceVersion "1"]
[SourceVersionDate "2025.07.10"]
[SourceQuality "1"]

1. c4 e5 2. Nc3 Nf6 3. g3 Nc6 4. Bg2 Bc5 5. Nf3 d6 6. O-O O-O 7. e3 a6 8. d4 exd4 9. exd4 Ba7 10. h3 Re8 11. Be3 Ne7 12. Bg5 Nd7 13. Nd5 f6 14. Nxe7+ Rxe7 15. Be3 Nf8 16. Nh4 c6 17. Qf3 Be6 18. Nf5 Bxf5 19. Qxf5 Qd7 20. Qd3 Rae8 21. Rae1 Ng6 22. h4 c5 23. Rd1 cxd4 24. Bxd4 Bxd4 25. Qxd4 Qc7 26. Qxd6 Ne5 27. Qxc7 Rxc7 28. Rd4 Kf8 29. b3 Rec8 30. Rd5 Nc6 31. Rfd1 Nb4 32. R5d2 b5 33. Bf1 bxc4 34. Bxc4 a5 35. a4 Nc6 36. f4 Nb4 37. Kf2 h6 38. Rd6 Re8 39. Rd7 Rxd7 40. Rxd7 Re7 41. Rd8+ Re8 42. Rd6 Ke7 43. Rb6 Rd8 44. Rb5 Rd2+ 45. Ke3 Rg2 46. Kf3 Rc2 47. Rxa5 Rc3+ 48. Kg4 Nc2 49. Ra7+ Kd6 50. Rxg7 Ne3+ 51. Kh3 h5 52. Be2 f5 53. Rg8 Rc2 54. Bd3 Rd2 55. Bb5 Ng4 56. Rd8+ Kc5 57. Rxd2 Nf6 58. Re2 Ne4 59. Bd7 Kd4 60. Bxf5 Nd6 61. Rd2+ Kc5 1-0

[Event "Crewe Open"]
[Site "Crewe"]
[Date "2025.06.28"]
[Round "3.18"]
[White "Woozeer, Seth"]
[Black "Van Kemenade, Rudy"]
[Result "0-1"]
[WhiteElo "1711"]
[BlackElo "1926"]
[PlyCount "68"]
[EventDate "2025.06.27"]
[EventType "swiss"]
[EventRounds "5"]
[EventCountry "ENG"]
[SourceTitle "BritBase"]
[Source "John Saunders"]
[SourceDate "2025.07.10"]
[SourceVersion "1"]
[SourceVersionDate "2025.07.10"]
[SourceQuality "1"]

1. e4 e5 2. Nf3 Nf6 3. Nxe5 d6 4. Nf3 Nxe4 5. Nc3 Nxc3 6. dxc3 Be7 7. Bd3 O-O 8. Be3 Nd7 9. Qd2 Nf6 10. O-O-O c5 11. Bf4 Be6 12. Kb1 b5 13. Ng5 Qa5 14. Nxe6 fxe6 15. c4 Qxd2 16. Rxd2 bxc4 17. Bxc4 d5 18. Re1 dxc4 19. Rxe6 Rae8 20. Rde2 Kf7 21. Ra6 Ra8 22. Rae6 Rfe8 23. f3 Bf8 24. Rxe8 Rxe8 25. Rxe8 Kxe8 26. Kc1 Kd7 27. Kd2 Bd6 28. Bg5 Bxh2 29. Kc3 Kc6 30. Kxc4 Nd5 31. c3 Bf4 32. Bxf4 Nxf4 33. g3 Ne2 34. g4 g5 0-1

[Event "Crewe Open"]
[Site "Crewe"]
[Date "2025.06.28"]
[Round "3.19"]
[White "Zak, Kamil"]
[Black "Doherty, Paul D"]
[Result "1-0"]
[WhiteElo "2090"]
[BlackElo "1832"]
[PlyCount "77"]
[EventDate "2025.06.27"]
[EventType "swiss"]
[EventRounds "5"]
[EventCountry "ENG"]
[SourceTitle "BritBase"]
[Source "John Saunders"]
[SourceDate "2025.07.10"]
[SourceVersion "1"]
[SourceVersionDate "2025.07.10"]
[SourceQuality "1"]

1. e4 Nc6 2. d4 e5 3. Nf3 exd4 4. Nxd4 Qh4 5. Nc3 Bb4 6. Ndb5 Ba5 7. Bd3 a6 8. Na3 b5 9. Bd2 Nf6 10. O-O Ne5 11. Nd5 Nxd5 12. Bxa5 Nb6 13. Qe2 O-O 14. f4 Nc6 15. Be1 Qe7 16. c3 Bb7 17. Nc2 Na4 18. Ne3 Nc5 19. Nf5 Qe6 20. Bc2 d6 21. b4 Nd7 22. Bb3 Qf6 23. Bh4 Qxc3 24. Rac1 Qxb4 25. Qg4 g6 26. Nh6+ Kg7 27. Qxd7 Nd8 28. Rxc7 Qxe4 29. Rc2 Kxh6 30. Bf6 Qf5 31. Qxf5 gxf5 32. Rc3 Re8 33. Rg3 Ne6 34. Bxe6 Rxe6 35. Bg7+ Kh5 36. Rg5+ Kh4 37. g3+ Kh3 38. Rh5+ Kg4 39. Rh4# 1-0

[Event "Crewe Open"]
[Site "Crewe"]
[Date "2025.06.28"]
[Round "3.20"]
[White "Duxbury, Craig"]
[Black "Sullivan, Daniel"]
[Result "1-0"]
[WhiteElo "2261"]
[BlackElo "1909"]
[PlyCount "41"]
[EventDate "2025.06.27"]
[EventType "swiss"]
[EventRounds "5"]
[EventCountry "ENG"]
[SourceTitle "BritBase"]
[Source "John Saunders"]
[SourceDate "2025.07.10"]
[SourceVersion "1"]
[SourceVersionDate "2025.07.10"]
[SourceQuality "1"]

1. e4 c5 2. Nc3 Nc6 3. Bb5 Nd4 4. Nf3 e6 5. O-O a6 6. Bd3 Nc6 7. e5 d6 8. exd6 Bxd6 9. Ne4 Be7 10. Re1 Nf6 11. b3 O-O 12. Bb2 Bd7 13. Ne5 Nxe5 14. Bxe5 Bc6 15. Nxf6+ Bxf6 16. Bxf6 gxf6 17. Bxh7+ Kxh7 18. Qh5+ Kg7 19. Qg4+ Kh6 20. Re3 Bxg2 21. Rg3 1-0

[Event "Crewe Open"]
[Site "Crewe"]
[Date "2025.06.28"]
[Round "3.21"]
[White "Avadhoot Lokesh, Bhakti Brahme"]
[Black "Rughani, Mahin"]
[Result "1-0"]
[WhiteElo "2081"]
[BlackElo "1854"]
[PlyCount "51"]
[EventDate "2025.06.27"]
[EventType "swiss"]
[EventRounds "5"]
[EventCountry "ENG"]
[SourceTitle "BritBase"]
[Source "John Saunders"]
[SourceDate "2025.07.10"]
[SourceVersion "1"]
[SourceVersionDate "2025.07.10"]
[SourceQuality "1"]

1. e4 c6 2. d4 d5 3. e5 Bf5 4. Nf3 e6 5. Be2 Nd7 6. O-O a5 7. c4 dxc4 8. Bxc4 Ne7 9. Nc3 Nb6 10. Bd3 Bxd3 11. Qxd3 h6 12. Be3 Ned5 13. Rad1 Be7 14. Nd2 O-O 15. Nde4 Rc8 16. Bc1 Nxc3 17. bxc3 c5 18. Qg3 Kh8 19. dxc5 Nd7 20. Nd6 Rb8 21. Rd4 Qc7 22. Rg4 Qxc5 23. Rxg7 Nxe5 24. Bxh6 Qxd6 25. Rh7+ Kxh7 26. Qg7# 1-0